Múdrejší neustúpi, ale predá motivácia a vzdelávanie finančných poradcov

Podrobná bibliografia
Hlavný autor: Škriniar, Pavel, 1979- (Autor)
Médium: Článok
Jazyk:slovenčina
ISSN:1335-8235
Predmet:

MARC

LEADER 00000nab a2200000 a 4500
001 vtls008886569
003 SK-MaSNL
005 20260426084521.0
008 250505c2006 xo mr|p|||||||000 b|slo
015 |a SNBRB2006/11  |2 snkbucl 
035 |a (uuid)099456b6-c6e6-42d4-b360-0d02ecb0a32f 
035 |a urn:nbn:sk:snk-ab1ffs 
035 |a (urnnbn)urn:nbn:sk:snk:ar-00360y 
038 |a SNKBUCL 
040 |a SNKBUCL  |b slo  |c SNKBUCL  |e AACR2 
041 0 |a slo 
044 |a xo  |c SK 
080 |a 659.23:336.74  |2 1997 
080 |a 336.74  |2 1997 
080 |a 336.76  |2 1997 
100 1 |a Škriniar, Pavel,  |d 1979-  |4 aut  |9 217125 
245 1 0 |a Múdrejší neustúpi, ale predá  |b motivácia a vzdelávanie finančných poradcov  |c Pavel Škriniar 
650 0 7 |a finančné poradenstvo  |2 snkbucl  |9 57383 
650 0 7 |a finanční poradcovia  |2 snkbucl  |9 209353 
650 0 7 |a motivácia  |2 snkbucl  |9 1779 
650 0 7 |a vzdelávanie  |2 snkbucl  |9 4033 
773 0 |t Investor  |g Roč. VII., č. 11 (2006), s. 40-41  |x 1335-8235 
850 |a Slovenská národná knižnica 
852 |a Slovenská národná knižnica 
954 |a odborná, vedecká literatúra pôvodná (slovenská)  |2 lita 
958 |a article2022 
958 |a OND 
958 |a EUIPO 
999 |c 2936370  |d 2938300